000 00599nam a2200205Ia 4500
005 20250508152438.0
008 008 250505s9999 xx 000 0 eng d
037 _aTextual
040 _aFEDL
_beng
_cFEDL
041 _aeng
_2eng
084 _a146.305 4, CHA
_qFEDL
100 _aChattopadhyaya Debiprasad
245 0 _aLokayata: A study in ancient Indian materialism
260 _aNew Delhi, India
_bPeople's Publishing House
_c1959
300 _axxvii,696p
365 _aINR
_b27.5
650 _aPhilosophy
942 _cTEXL
_h146.305 4, CHA
999 _c1336460
_d1336460